| 000 | 02134cad a22003135a 4500 | ||
|---|---|---|---|
| 001 | L158543 | ||
| 008 | 011219s2015 xxk f 000 0 eng d | ||
| 020 | _a9780717666263 | ||
| 035 | _a(Sirsi) u158543 | ||
| 041 | 0 | _aeng | |
| 050 | 0 | 4 | _a690.22 $2 18 |
| 110 | 1 |
_aGreat Britain _bHealth and Safety Executive |
|
| 240 | _aCDM 2015 | ||
| 245 | 0 | 0 |
_aManaging health and safety in construction _bConstruction (Design and Management) Regulations 2015 _bguidance on regulations _h[electronic resource] |
| 260 |
_bHSE Books _c2015 |
||
| 300 | _a90p. | ||
| 350 | _a15 | ||
| 490 | 0 |
_aHSE Health and Safety Guidance _vL153 |
|
| 505 | 2 | _aIntroduction -- Commencement -- Client duties -- Health and safety duties and roles -- General requirements for all construction sites -- General -- Appendix one: the general principles of prevention -- Appendix two: pre-construction information -- Appendix three: the construction phase plan -- Appendix four: the health and safety file -- Appendix five: how different types of information relate to and influence each other in a construction project involving more than one contractor: A summary -- Appendix six: working for a domestic client -- References and further reading -- Glossary of acronyms and terms -- Further information. | |
| 520 | _aProvides guidance on the legal requirements for CDM 2015 and is available to help anyone with duties under the Regulations. It describes the law that applies to the whole construction process on all construction projects, from concept to completion; and what each dutyholder must or should do to comply with the law to ensure projects are carried out in a way that secures health and safety. It came into force on 6 April 2015, replacing CDM 2007. | ||
| 520 | _aSupersedes 2007 edition (ISBN 9780717662234). | ||
| 590 | _aKA | ||
| 650 | 2 | 4 | _aCONSTRUCTION (DESIGN AND MANAGEMENT) REGULATIONS 2015 |
| 650 | 2 | 4 | _aCDM 2015 |
| 651 | 4 |
_aGreat Britain _y1707- |
|
| 690 | _aDesign and specification | ||
| 856 | 4 | 1 |
_uhttps://www.hse.gov.uk/pubns/priced/l153.pdf _zView the code of practice free of charge (PDF file) at www.hse.gov.uk |
| 942 | _n0 | ||
| 999 |
_c115369 _d115369 |
||